Текст томруулах:    
Physical Anthropology 96/97 (Бичлэгийн дугаар. 145913)
000 -УДИРДЛАГА
Удирдлага 00936nam a22002417a 4500
003 - ХЯНАЛТЫН ТОО ТОДОРХОЙЛОГЧ
Код MN-UlNUM
005 - БИЧИЛТ ХИЙСЭН ОГНОО
Тухайн бичилтийг бичсэн засварласан сүүлийн огноо 20251212112531.0
008 - ЕРӨНХИЙ МЭДЭЭЛЭЛ
Ерөнхий мэдээлэл 251212s1996 ctu 001 | eng d
020 ## - ISBN
ISBN 0697315274
040 ## - БИЧЛЭГ ҮҮСГЭГЧ БАЙГУУЛЛАГА
Бичлэг үүсгэгч номын сангийн код МУИС-ийн номын сан
084 ## - ББК АНГИЛАЛ
Нэмэлт тусгалт Атлас, цомог
ББК ангилал 63.4(7)
Зохиогчийн гурван тэмдэгт P 59
Мэдлэгийн ялгаа 63 - Түүх
245 ## - ҮНДСЭН ГАРЧИГ
Номын нэр Physical Anthropology 96/97
Бага гарчгийн мэдээ Annual edition
Оролцогчдын тухай мэдээ Editor Elvio Angeloni
250 ## - ДАХИН ХЭВЛЭЛТ
Дахин гаралтын дугаар 5th edition
260 ## - ГАРАЛТЫН МЭДЭЭ
Хэвлэгдсэн газар Guilford, Connecticut
Хэвлэлийн газар Brown & Benchmark Pub
Хэвлэгдсэн он 1996
300 ## - МАТЕРИАЛЫН ТОДОРХОЙЛОЛТ
хуудасны тоо 240 p.
500 ## - Тайлбар
Дансны дугаар БС 4345
505 ## - Агуулгын тэмдэглэгээ
Агуулгын тэмдэглэгээ Physical Anthropology 96/97 presents a collection of readings that introduce the biological study of humans, covering human evolution, genetics, primate behavior, and adaptation. The volume provides essential insights into fossil evidence, evolutionary processes, and the scientific methods used in physical anthropology.
546 ## - ХЭЛНИЙ ТУХАЙ МЭДЭЭ
Хэл Англи хэл дээр,
653 ## - Түлхүүр үг
Түлхүүр үг anthropology
653 ## - Түлхүүр үг
Түлхүүр үг research
942 ## - ЭЛЕМЕНТИЙН ТӨРӨЛ
Зүйлийн төрөл Ном